Ván khuôn và giàn giáo /
Nguyên tắc chung; Giàn giáo trong công tác ván khuôn; Các loại ván khuôn; những yêu cầu chung về kỹ thuật ván khuôn và dàn giáo.
Na minha lista:
| Autor principal: | |
|---|---|
| Outros Autores: | |
| Formato: | Livro |
| Idioma: | Vietnamese |
| Publicado em: |
Hà Nội :
Xây dựng,
2000.
|
| Assuntos: | |
| Tags: |
Adicionar Tag
Sem tags, seja o primeiro a adicionar uma tag!
|
| Thư viện lưu trữ: | Mạng thư viện Đại học Đà Nẵng |
|---|
| LEADER | 01344cam a2200397 i 4500 | ||
|---|---|---|---|
| 001 | 000042651 | ||
| 003 | 525 | ||
| 005 | 20041027100144.0 | ||
| 008 | 010217b2000 vm 000 vie | ||
| 020 | |c 32000 | ||
| 040 | |a IRC |c IRC |d IRC | ||
| 041 | 0 | |a vie | |
| 082 | 1 | 4 | |a 691.1 |b PH-H |
| 100 | 1 | |a Phan Hùng. | |
| 245 | 1 | 0 | |a Ván khuôn và giàn giáo / |c Phan Hùng, Trần Như Đính. |
| 260 | |a Hà Nội : |b Xây dựng, |c 2000. | ||
| 300 | |a 222 tr. ; |c 27 cm. | ||
| 520 | 3 | |a Nguyên tắc chung; Giàn giáo trong công tác ván khuôn; Các loại ván khuôn; những yêu cầu chung về kỹ thuật ván khuôn và dàn giáo. | |
| 630 | 0 | 4 | |a Xây dựng. |
| 630 | 0 | 4 | |a Ván khuôn. |
| 630 | 0 | 4 | |a Giàn giáo. |
| 650 | 0 | 4 | |a Ván khuôn (Xây dựng) |
| 650 | 0 | 4 | |a Giàn giáo (Xây dựng) |
| 700 | 1 | |a Trần Như Đính. | |
| OWN | |a DUT | ||
| AVA | |a UDN50 |b DUT |c Book |d 691.1 PH-H |e available |t Error 5001 Not defined in file expand_doc_bib_avail. |f 2 |g 0 |h N |i 0 |j SH |k 1 | ||
| 999 | |a From the UDN01 | ||
| AVA | |a UDN50 |b DUT |c Book |d 691.1 PH-H |e available |t Error 5001 Not defined in file expand_doc_bib_avail. |f 2 |g 0 |h N |i 0 |j SH |k 1 | ||
| TYP | |a Monograph | ||
| TYP | |a Printed language | ||
| 980 | |a Mạng thư viện Đại học Đà Nẵng | ||